Statistics for Enemies that appeared in The Super Mario Bros. Movie

Click here to take the quiz!

General Stats

  • This quiz has been taken 47 times
  • The average score is 9 of 22

Answer Stats

Enemy% Correct
Koopa Paratroopa
96%
Koopa Troopa
96%
Bowser
92%
Goomba
92%
Kamek
68%
Shy Guy
68%
Piranha Plant
56%
Dry Bones
52%
Bob-omb
48%
Bullet Bill
48%
King Bob-omb
48%
King Boo
44%
Banzai Bill
32%
Hammer Bro
32%
Foreman Spike
28%
Cheep Cheep
16%
Maw-Ray
8%
Snifit
8%
Biddybud
4%
Bramball
4%
Sledge Bro
4%
Bat
0%

Score Distribution

Percentile by Number Answered

Percent of People with Each Score

Your Score History

You have not taken this quiz